Pays avec l'alphabet décalé - Statistiques

Statistiques générales
  • Ce quiz a été pris 34 fois
  • Le résultat moyen est 17 sur 20
Statistiques - réponses
Pays Version décalée % Correct
France Gsbodf
100%
Espagne Ftqbhof
94%
Allemagne Bmmfnbhof
91%
Italie Jubmjf
91%
Brésil Csftjm
88%
Canada Dbobeb
88%
Portugal Qpsuvhbm
88%
Suisse Tvjttf
88%
Belgique Cfmhjrvf
85%
Égypte Fhzquf
85%
Kenya Lfozb
85%
Maroc Nbspd
85%
Mexique Nfyjrvf
85%
Chine Dijof
82%
Inde Joef
82%
Japon Kbqpo
82%
Norvège Opswèhf
82%
Tunisie Uvojtjf
82%
Argentine Bshfoujof
79%
Australie Bvtusbmjf
76%
Aucun quiz correspondant
Distribution des résultats
% des personnes avec chaque résultat
Percentile par nombre de réponses
Votre historique - résultats
Vous n’avez pas pris ce quiz